000 00562nam a22001697a 4500
999 _c41787
_d41787
003 OSt
005 20221109124053.0
008 221109b ||||| |||| 00| 0 eng d
020 _a0074632604
040 _coclc
082 _a616.075
_bMUK/M
100 1 _99291
_aMukherjee, Kanai L.
245 _aMedical laboratory technology ;
_b A procedure manual for routine diagnostic tests / Volume I
_c Mukherjee, Kanai L
260 _aNew Delhi:
_bTata Mc grawhill,
_c2004.
300 _a481 p
942 _2ddc
_cBK
_h616.075
_iMUK/M
_k616.075
_mMUK/M